EU institutions’ presidents - Level 3 (impossible) - Statistics

General Stats
  • This quiz has been taken 7 times
  • The average score is 32 of 110
Answer Stats
Dates Answer % Correct
2019-now Ursula von der Leyen
83%
Belgian
67%
British
67%
French
67%
German
67%
Italian
67%
2014-2019 Jean-Claude Juncker
67%
Luxembourgish
67%
Portuguese
67%
Spanish
67%
(West) German
67%
2019-2024 Charles Michel
50%
2014-2019 Donald Tusk
50%
Dutch
50%
1985-1995 Jacques Delors
50%
1995-1999 Jacques Santer
50%
2004-2014 José Manuel Barroso
50%
1999 Manuel Marín
50%
Polish
50%
1958-1967 Walter Hallstein
50%
1971-1973
33%
1973-1977
33%
1977-1981
33%
1981-1985
33%
1985-1995
33%
1995-1999
33%
1999
33%
1999-2004
33%
2004-2014
33%
2014-2019
33%
2019-2024
33%
2024-now António Costa
33%
2017-2019 Antonio Tajani
33%
2019-2022 David Sassoli
33%
1973-1977 François-Xavier Ortoli
33%
1970-1972 Franco Maria Malfatti
33%
1981-1985 Gaston Thorn
33%
2009-2014 Herman Van Rompuy
33%
1967-1970 Jean Ray
33%
1997-1999 José Maria Gil-Robles
33%
Maltese
33%
1952-1954 Paul-Henri Spaak
33%
2022-now Roberta Metsola
33%
1999-2004 Romano Prodi
33%
1977-1981 Roy Jenkins
33%
1972-1973 Sicco Mansholt
33%
1954
17%
1954-1956
17%
1956-1958
17%
1958-1960
17%
1960-1962
17%
1962-1964
17%
1964-1965
17%
1965-1966
17%
1966-1969
17%
1967-1970
17%
1969-1971
17%
1970-1972
17%
1972-1973
17%
1973-1975
17%
1975-1977
17%
1977-1979
17%
1979-1982
17%
1982-1984
17%
1984-1987
17%
1987-1989
17%
1989-1992
17%
1992-1994
17%
1994-1997
17%
1997-1999
17%
1999-2002
17%
2002-2004
17%
2004-2007
17%
2007-2009
17%
2009-2012
17%
2012-2017
17%
2017-2019
17%
2019-2022
17%
2019-now
17%
2022-now
17%
2024-now
17%
1966-1969 Alain Poher
17%
1954 Alcide de Gasperi
17%
1973-1975 Cees Berkhouwer
17%
1987-1989 C. Henry Plumb
17%
1992-1994 Egon Klepsch
17%
1977-1979 Emilio Colombo
17%
1989-1992 Enrique Barón Crespo
17%
1962-1964 Gaetano Martino
17%
1975-1977 Georges Spénale
17%
1954-1956 Giuseppe Pella
17%
1956-1958 | 1960-1962 Hans Furler
17%
2007-2009 Hans-Gert Pöttering
17%
Irish
17%
1964-1965 Jean Duvieusart
17%
2009-2012 Jerzy Buzek
17%
2004-2007 Josep Borrell
17%
1994-1997 Klaus Hänsch
17%
1969-1971 Mario Scelba
17%
2012-2017 Martin Schulz
17%
1999-2002 Nicole Fontaine
17%
2002-2004 Pat Cox
17%
1984-1987 Pierre Pfimlin
17%
1982-1984 Piet Dankert
17%
1958-1960 Robert Schuman
17%
1979-1982 Simone Veil
17%
1965-1966 Victor Leemans
17%
1971-1973 Walter Behrendt
17%
No matching quizzes found
Score Distribution
Percent of People with Each Score
Percentile by Number Answered
Your Score History
You have not taken this quiz